Psicología (Record no. 31790)

MARC details
000 -LEADER
campo de control de longitud fija 00743nam a2200217 i 4500
001 - NÚMERO DE CONTROL
campo de control 31790
003 - IDENTIFICADOR DE NÚMERO DE CONTROL
campo de control ES-MaACL
005 - FECHA Y HORA DE LA ÚLTIMA TRANSACCIÓN
campo de control 20250701212927.0
007 - CAMPO FIJO DE DESCRIPCIÓN FÍSICA--INFORMACIÓN GENERAL
campo de control de longitud fija t|
008 - DATOS DE LONGITUD FIJA--INFORMACIÓN GENERAL
campo de control de longitud fija 030130s1947 ag ||||1| spa d
100 1# - ENTRADA PRINCIPAL--NOMBRE DE PERSONA
Nombre de persona Beck, Maximilian.
9 (RLIN) 26927
245 10 - MENCIÓN DEL TÍTULO
Título Psicología
Resto del título : esencia y realidad del alma /
Mención de responsabilidad, etc. Maximilian Beck ; [traducción por Francisco Ayala y Otto Langfelder].
260 ## - PUBLICACIÓN, DISTRIBUCIÓN, ETC.
Lugar de publicación, distribución, etc. Buenos Aires :
Nombre del editor, distribuidor, etc. Losada,
Fecha de publicación, distribución, etc. [1947] (
Fabricante Bartolomé U. Chiesino)
300 ## - DESCRIPCIÓN FÍSICA
Extensión 351 p. ;
Dimensiones 21 cm.
490 1# - MENCIÓN DE SERIE
Mención de serie Biblioteca filosófica
700 1# - ENTRADA AGREGADA--NOMBRE PERSONAL
Nombre de persona Ayala, Francisco,
Fechas asociadas al nombre 1906-2009
9 (RLIN) 24111
700 1# - ENTRADA AGREGADA--NOMBRE PERSONAL
Nombre de persona Langfelder, Otto.
9 (RLIN) 70047
830 00 - PUNTO DE ACCESO ADICIONAL DE SERIE-TÍTULO UNIFORME
Título uniforme Biblioteca filosófica
9 (RLIN) 179275
852 ## - LOCALIZACIÓN
Ubicación ES-MaACL
Número de control de estantería B-7814
Sublocalización o colección R.29330
Holdings
Estatus retirado Estado de pérdida Estado de daño No para préstamo Biblioteca de origen Biblioteca actual Ubicación en estantería Fecha de adquisición Fuente de adquisición Total de préstamos Signatura topográfica completa Código de barras Visto por última vez Precio de reemplazo Tipo de ítem Koha
        Biblioteca del Ateneo de Madrid Biblioteca del Ateneo de Madrid Sala Pardo Bazán 17/01/2008     B-7814 1032868 23/02/2023 23/02/2023 Libro impreso